Climate change basics : (Record no. 16330)
[ view plain ]
| 000 -LEADER | |
|---|---|
| fixed length control field | 00600nam a22002177a 4500 |
| 003 - CONTROL NUMBER IDENTIFIER | |
| control field | OSt |
| 005 - DATE AND TIME OF LATEST TRANSACTION | |
| control field | 20140310182818.0 |
| 008 - FIXED-LENGTH DATA ELEMENTS--GENERAL INFORMATION | |
| fixed length control field | 130302t xxu||||| |||| 00| 0 eng d |
| 020 ## - INTERNATIONAL STANDARD BOOK NUMBER | |
| International Standard Book Number | 9780070164840 |
| 050 ## - LIBRARY OF CONGRESS CALL NUMBER | |
| Classification number | QC 981 |
| Item number | .D145 2008 |
| 082 ## - DEWEY DECIMAL CLASSIFICATION NUMBER | |
| Classification number | M 363.73874 |
| Item number | .D145 2008 |
| 245 ## - TITLE STATEMENT | |
| Title | Climate change basics : |
| Remainder of title | 24 lessons revealing the fundamentals |
| Statement of responsibility, etc | Dallas, Nick |
| 260 ## - PUBLICATION, DISTRIBUTION, ETC. (IMPRINT) | |
| Place of publication, distribution, etc | North Ryde, N.S.W. |
| Name of publisher, distributor, etc | McGraw-Hill |
| Date of publication, distribution, etc | 2008 |
| 300 ## - PHYSICAL DESCRIPTION | |
| Extent | vii, 64 p. |
| Dimensions | 22 cm |
| 521 ## - TARGET AUDIENCE NOTE | |
| Target audience note | |
| 526 ## - STUDY PROGRAM INFORMATION NOTE | |
| Reading level | 1210L-1700L |
| 541 ## - IMMEDIATE SOURCE OF ACQUISITION NOTE | |
| -- | 1 |
| 541 ## - IMMEDIATE SOURCE OF ACQUISITION NOTE | |
| -- | 2 |
| 562 ## - COPY AND VERSION IDENTIFICATION NOTE | |
| Number of copies | 2 |
| 942 ## - ADDED ENTRY ELEMENTS (KOHA) | |
| Source of classification or shelving scheme | Library of Congress Classification |
| Koha item type | Books |
| Call number prefix | |
| Withdrawn status | Lost status | Source of classification or shelving scheme | Damaged status | Home library | Current library | Shelving location | Date acquired | Total Checkouts | Full call number | Barcode | Date last seen | Copy number | Price effective from | Koha item type |
|---|---|---|---|---|---|---|---|---|---|---|---|---|---|---|
| Library of Congress Classification | College Library | College Library | General Circulation Section | 03/02/2013 | QC 981 .D145 2008 | c14411 | 05/15/2018 | 2 | 03/02/2013 | Books | ||||
| Library of Congress Classification | College Library | College Library | General Circulation Section | 05/20/2013 | QC 981 .D145 2008 | C14412 | 05/15/2018 | 1 | 05/20/2013 | Books |